Manual del instalador de motores eléctricos

שמור ב:
מידע ביבליוגרפי
מחבר ראשי: Parés, José María (Author)
פורמט: ספר
שפה:ספרדית
יצא לאור: Barcelona CEAC 1990
מהדורה:6a. ed
סדרה:Manuales CEAC de Electricidad
נושאים:
תגים: הוספת תג
אין תגיות, היה/י הראשונ/ה לתייג את הרשומה!

MARC

LEADER 00000nam a2200000 a 4500
001 UCL1871
003 CL-VaPUC
008 030926e19900000SP |||||||||||||||||spa|d
020 |a 8432961078 
082 0 4 |a 621.462  |b PAR  |2 21 
100 |a Parés, José María  |e author  |9 478758 
245 1 0 |a Manual del instalador de motores eléctricos 
250 |a 6a. ed 
300 |a 222 p 
942 |c BK 
945 |d 20030926 00:00:00  |a cmena 
260 |a Barcelona  |b CEAC  |c 1990 
650 0 |a Motores eléctricos   |9 260085 
650 0 |a Manuales  |9 257144 
583 |a last modification  |c 20030926 00:00:00  |k Rodrigo Vera 
490 0 |a Manuales CEAC de Electricidad 
999 |c 305310  |d 305308